Wiedza ogólna o piłce nożnej #5 - Statystyki

Ogólne statystyki
  • Ten quiz został rozwiązany 342 razy
  • Średni wynik to 6 z 15
Statystyki odpowiedzi
Zagadnienie Odpowiedź % Poprawnych
Jaki jest rekord goli strzelonych w jednym roku kalendarzowym? 91
67%
Tylko raz w historii plebiscytu Złotej Piłki, nagrodę wygrał piłkarz pochodzący z Afryki. Kto nim był? George Weah
64%
Jakie jest najwyższe zwycięstwo w historii piłki nożnej? 149:0
61%
Który z piłkarzy strzelił najszybszego hat-tricka w historii Premier League? Sadio Mane
57%
Jaki pseudonim nosił legendarny bramkarz Lew Jaszyn? Czarna Pantera
52%
Ile goli strzelił Tomasz Frankowski w eliminacjach mistrzostw świata 2006? 7
46%
Jak nazywa się najstarszy klub piłkarski? Sheffield United
45%
Ile razy sędzia Howard Webb upominał żółtą kartką holenderskich piłkarzy w finale mistrzostw świata w 2010 roku? 9
38%
Jaki polski zespół zagrał jako pierwszy w europejskich rozgrywkach? Gwardia Warszawa
26%
W którym roku powstała Światowa Federacja Piłki Nożnej (FIFA)? 1904
23%
Który klub w polskiej ekstraklasie posiada najdłuższą mistrzowską serię z rzędu? Górnik Zabrze
22%
Ile lat czekali Hiszpanie na końcowy triumf w mistrzostwach świata lub Europy przed wygraniem Euro 2008? 44
19%
Który klub wygrał Ekstraklasę w sezonie 2007/08? Zagłębie Lubin
19%
Kto został mistrzem MLS w 2019 roku? Seattle Sounders
13%
Gdzie odbyły się pierwsze mistrzostwa świata w piłce nożnej kobiet? Chiny
7%
Nie znaleziono quizów pasujących do podanych kryteriów
Rozkład punktacji
Procent ludzi z każdym wynikiem
Percentyl według liczby udzielonych odpowiedzi
Twoja historia wyników
Nie rozwiązałeś tego quizu